000
00298nam a22001337a 4500
020
_a
978-8179061664
041
_a
ENG
100
_a
Rathore .N.S
245
_a
Non Conventional Energy Sources
260
_a
Delhi
_b
Himanshu Pub
_c
2007
300
_a
355
650
_a
EOES
856
_u
EOES ( 12 )
999
_c
1258
_d
1258